Lịch sử thế giới cổ trung đại

Đã lưu trong:
書目詳細資料
主要作者: Nghiêm, Đình Vỳ
格式: 圖書
語言:Undetermined
出版: Hà Nội Đại học Sư phạm 2004
主題:
標簽: 添加標簽
沒有標簽, 成為第一個標記此記錄!
Thư viện lưu trữ: Trung tâm Học liệu Trường Đại học Cần Thơ
LEADER 00587nam a2200205Ia 4500
001 CTU_98365
008 210402s9999 xx 000 0 und d
020 |c 39000 
082 |a 930 
082 |b V600 
100 |a Nghiêm, Đình Vỳ 
245 0 |a Lịch sử thế giới cổ trung đại 
245 0 |c Nghiêm Đình Vỳ 
260 |a Hà Nội 
260 |b Đại học Sư phạm 
260 |c 2004 
650 |a History, ancient,Middle ages,World history 
650 |x History 
904 |i Năm 
980 |a Trung tâm Học liệu Trường Đại học Cần Thơ